Responses for show #7738 - Wednesday, April 11, 2018

2018 College Championship quarterfinal game 3.

Contestants

[<< previous game]

Caroline Trammell, a junior at Furman University from Baton Rouge, Louisiana

William Scott, a freshman at Tufts University from Los Altos, California

Rishab Jain, a freshman at Georgia Tech from Memphis, Tennessee

[next game >>]

Jeopardy! Round responses

TIME FOR CLASS
FIRST LADIES
PARTS OF SPEECH
REMEMBER YOUR MUSIC LESSONS
TV NETWORKING
(Alex: You have to identify the network or channel for the shows we will tell you about.)
SPRING BREAK
    $200 10
the beginning

Rishab
    $200 8
Mary Todd Lincoln

William
    $200 12
adjective

Caroline
    $200 3
a metronome

William
    $200 21
Food Network

William
    $200 16
Daylight Savings Time

William
    $400 22
(Rishab: Who is the Attorney General?)

Secretary of State

RishabWilliam
    $400 5
Jackie Kennedy

William
    $400 13
pronouns

William
    $400 2
rosin

William
    $400 27
PBS

Rishab
    $3,000 17
(William: What is Easter?)

Memorial Day

William
    $600 23
Andy Warhol

William
    $600 6
Eleanor Roosevelt

Caroline
    $600 11
a preposition

Caroline
    $600 1
(William: What are frets?)

chords

William
Triple Stumper
    $600 28
HBO

Triple Stumper
    $600 18
the North Pole

William
    $800 24
the continental divide

William
    $800 7
Lucy Hayes

Triple Stumper
    $800 14
(Caroline: What is an exclamation?)
[Originally ruled incorrect; ruled correct during contestant interviews.]

an interjection

WilliamCaroline
    $800 4
the diaphragm

Caroline
    $800 29
(William: What is HBO?)

AMC

RishabWilliam
    $800 19
Lent

Rishab
    $1000 25
the humerus

Caroline
    $1000 9
Nancy Reagan

Triple Stumper
    $1000 15
an adverb

William
    $1000 26
the pedals

Rishab
    $1000 30
Syfy

Caroline
    $1000 20
Persephone

Caroline

Scores at the first commercial break (after clue 15):

Rishab William Caroline
$200 $2,800 $3,000

Scores at the end of the Jeopardy! Round:

Rishab William Caroline
$2,800 $1,800 $6,000

Double Jeopardy! Round responses

TIME FOR CLASS
LOCALS CALL IT HOME
SUPERHEROES
BLUE BOOKS
ARCHITECTURE & BUILDING
CHANGE 1 LETTER OF THE 5
(Alex: But we want two words in each correct response.)
    $400 14
blue collar

William
    $400 18
Munich

Rishab
    $400 30
Wonder Woman

Caroline
    $400 6
the U.S. Civil War

Caroline
    $400 10
castles

William
    $400 5
treat and tread

Caroline
    $800 13
the one percent

Caroline
    $800 19
Damascus

William
    $800 8
the Hulk

William
    $800 7
Charming

Rishab
    $800 11
an amphitheater

William
    $800 1
sling and bling

William
    $2,000 15
the bourgeoisie

William
    $1200 20
Luxembourg

Rishab
    $1200 23
the Teenage Mutant Ninja Turtles

William
    $1200 9
French

Triple Stumper
    $1200 12
CN Tower

Rishab
    $1200 2
under and udder

William
    $1600 16
serfs

William
    $1600 21
Prague

Caroline
    $1600 27
a photographer

Rishab
    $1600 24
The Island of the Blue Dolphins

Triple Stumper
    $1600 25
a rotunda

Rishab
    $1600 3
clamp and champ

Triple Stumper
    $2000 17
the Untouchables

William
    $2000 22
New Guinea

Triple Stumper
    $2000 29
Green Lantern

William
    $2000 26
Carl Sagan

Rishab
    $2,000 28
the Dome of the Rock

Rishab
    $2000 4
giant and grant

Caroline

Scores at the end of the Double Jeopardy! Round:

Rishab William Caroline
$13,600 $15,800 $11,600

Final Jeopardy! Round responses

EXPLORATION NAME'S THE SAME
CarolineWhat Explorer
$5,000
RishabWhat is is Challenger?
$6,500
WilliamWhat is Challenger?
$4,199
Challenger

Final scores:

Rishab William Caroline
$20,100 $19,999 $6,600
Automatic semifinalist 2nd place: $5,000 if eliminated 3rd place: $5,000 if eliminated

Game dynamics:

Coryat scores:

Rishab William Caroline
$13,600 $18,000 $11,600
13 R
(including 1 DD),
1 W
25 R
(including 1 DD),
3 W
(including 1 DD)
14 R,
0 W

Combined Coryat: $43,200

The J! Archive is created by fans, for fans. The Jeopardy! game show and all elements thereof, including but not limited to copyright and trademark thereto, are the property of Jeopardy Productions, Inc. and are protected under law. This website is not affiliated with, sponsored by, or operated by Jeopardy Productions, Inc. Join the discussion at JBoard.tv.